| 000 | 00508nam a22001937a 4500 | ||
|---|---|---|---|
| 003 | LK-CoDNM | ||
| 005 | 20250205151532.0 | ||
| 008 | 250205b |||||||| |||| 00| 0 eng d | ||
| 040 |
_aLK-CoDNM _dLK-CoDNM _eLK-CoDNM |
||
| 041 | _aeng | ||
| 080 |
_a75 _bD23.1 |
||
| 100 | _aPeters,James Lee | ||
| 245 | _aCheck list of birds of the world Volume VI | ||
| 260 |
_aCambridge _bHarvard University Press _c1948 |
||
| 300 | _axi, 259p ; 23 cm | ||
| 650 | _aScientific names | ||
| 650 | _aBirds | ||
| 942 | _cBK | ||
| 999 |
_c237846 _d237846 |
||